Functioning in business

Αποθηκεύτηκε σε:
Λεπτομέρειες βιβλιογραφικής εγγραφής
Κύριος συγγραφέας: Knowles, P. Lance
Άλλοι συγγραφείς: Bailey, Francis
Μορφή: Βιβλίο
Γλώσσα:English
Δημοσίευση: London : New York : Longman, 1987
Θέματα:
Ετικέτες: Προσθήκη ετικέτας
Δεν υπάρχουν, Καταχωρήστε ετικέτα πρώτοι!

MARC

LEADER 00000cam a2200000 i 4500
001 1/25693
008 960712s1987 eng d
020 |a 0582852676 ((pbk.)) 
035 |l 10022533 
040 |a GR-MY-UA  |b gre  |e aacr 
041 0 |a eng 
082 0 |a 428.2402465 
100 1 |a Knowles, P. Lance. 
245 1 0 |a Functioning in business /  |c P. Lance Knowles and Francis Bailey 
260 |a London :   |a New York :   |b Longman,   |c 1987 
300 |a 64 p.;  |b ill.;  |c 25 cm.+  |e answer key (16 p. ; 22 cm.) 
300 |e 1 cassette 
650 0 0 |a English language  |x Business English. 
650 0 0 |a English language  |v Textbooks for foreign speakers. 
700 1 |a Bailey, Francis. 
852 |a INST  |b CHIOS  |e 19960712  |h 428.2402465 KNO  |p 005200002003  |q 005200002003  |t BK  |y 0 
852 |a INST  |b CHIOS  |e 19981110  |h 428.2402465 KNO   |p 005200015320  |q 005200015320  |t BK  |y 0 
909 |a Χ  |b 015991 
909 |a Χ  |b 016874